[Event "C&D 2015"]
[Site "?"]
[Date "2015.04.04"]
[Round "1.1"]
[White "Huysman, Robert"]
[Black "Carlier, Sven"]
[Result "0-1"]
[WhiteElo "1503"]
[BlackElo "1894"]
[PlyCount "60"]
[EventDate "2015.??.??"]

1. e4 c5 2. Nf3 Nf6 3. Nc3 Nc6 4. d4 d5 5. exd5 Nxd5 6. Nxd5 Qxd5 7. Be3 cxd4
8. Nxd4 Bd7 9. c3 a6 10. Qb3 Qxb3 11. Nxb3 e6 12. Be2 Be7 13. Nc5 O-O-O 14.
O-O-O Ne5 15. Nxd7 Rxd7 16. Rxd7 Nxd7 17. Rd1 Bc5 18. Bxc5 Nxc5 19. Bf3 a5 20.
Kc2 Kc7 21. Rd4 b6 22. b3 e5 23. Rh4 g6 24. b4 axb4 25. cxb4 Ne6 26. Rc4+ Kb8
27. Bd5 Nd4+ 28. Kd3 f5 29. f4 Rd8 30. fxe5 30... Nb5 {opgave} 0-1

[Event "C&D 2015"]
[Site "?"]
[Date "2015.04.04"]
[Round "1.2"]
[White "Boschmans, Jos"]
[Black "Bleck, Alfred"]
[Result "1-0"]
[WhiteElo "1881"]
[BlackElo "1496"]
[PlyCount "44"]
[EventDate "2015.??.??"]

1. d4 d5 2. Nf3 e6 3. Bf4 Nf6 4. e3 Be7 5. c4 O-O 6. Nc3 Nbd7 7. Bd3 dxc4 8.
Bxc4 c5 9. O-O cxd4 10. exd4 Nb6 11. Bb3 Nfd5 12. Nxd5 Nxd5 13. Bg3 Bd7 14. Re1
Bc6 15. Rc1 Nb4 16. Ne5 Bf6 17. Qg4 Bxe5 18. Bxe5 g6 19. Rc3 Nd5 20. Qh3 Qg5
21. Rg3 Qf5 22. Qxf5 22... exf5 {verder onduideijk} 1-0

[Event "C&D 2015"]
[Site "?"]
[Date "2015.04.04"]
[Round "1.3"]
[White "Podevijn, Guido"]
[Black "Vanhauwaert, Kurt"]
[Result "0-1"]
[WhiteElo "1493"]
[BlackElo "1846"]
[PlyCount "48"]
[EventDate "2015.??.??"]

1. d4 Nf6 2. c4 c5 3. d5 e6 4. dxe6 fxe6 5. Bg5 Be7 6. Nf3 O-O 7. e3 Nc6 8. Bd3
b6 9. O-O Bb7 10. Nc3 Nb4 11. Be2 Qe8 12. a3 Na6 13. Rc1 Nc7 14. Ne1 Rd8 15.
Bf3 d5 16. cxd5 Ncxd5 17. Qa4 Bc6 18. Qb3 Qg6 19. Nxd5 exd5 20. Bxf6 Rxf6 21.
Kh1 Kh8 22. Qc2 Qh6 23. Nd3 Bd6 24. h3 Rxf3 0-1

[Event "C&D 2015"]
[Site "?"]
[Date "2015.04.04"]
[Round "1.4"]
[White "De Graef, Marc"]
[Black "Haverbeke, Jean-Pierre"]
[Result "1-0"]
[WhiteElo "1834"]
[BlackElo "1483"]
[PlyCount "65"]
[EventDate "2015.??.??"]

1. c4 d6 2. g3 e5 3. Bg2 Be6 4. Bxb7 Nd7 5. Bxa8 Qxa8 6. f3 Bxc4 7. d3 Bb5 8.
Nc3 Bc6 9. e4 Ngf6 10. Nge2 d5 11. O-O Bc5+ 12. Kg2 a6 13. Bg5 h6 14. Bxf6 Nxf6
15. d4 dxe4 16. fxe4 exd4 17. Nxd4 Bxd4 18. Qxd4 O-O 19. Rxf6 gxf6 20. Rf1 Rd8
21. Qe3 Kg7 22. Kg1 Qb7 23. Qf2 Rd6 24. e5 Re6 25. exf6+ Kg8 26. Rd1 Re8 27.
Qd4 Bf3 28. Rd2 Re1+ 29. Kf2 Ra1 30. Qe3 Bh1 31. Qe8+ Kh7 32. Qxf7+ Kh8 33.
Qg7# 1-0

[Event "C&D 2015"]
[Site "?"]
[Date "2015.04.04"]
[Round "1.5"]
[White "Van Malder, Dries"]
[Black "Vanhee, Freddy"]
[Result "1-0"]
[WhiteElo "1474"]
[BlackElo "1833"]
[PlyCount "63"]
[EventDate "2015.??.??"]

1. d4 Nf6 2. c4 d6 3. Nc3 Nbd7 4. Bg5 h6 5. Bxf6 exf6 6. Nf3 f5 7. e3 g6 8. Bd3
Bg7 9. O-O O-O 10. Qc2 Nf6 11. Rab1 Re8 12. a3 c6 13. b4 Qe7 14. Nd2 Bd7 15. c5
d5 16. b5 Ne4 17. Ncxe4 fxe4 18. Be2 Qg5 19. Kh1 f5 20. g3 Qe7 21. bxc6 Bxc6
22. Bb5 Qd7 23. Bxc6 bxc6 24. Rb2 Re7 25. Rfb1 g5 26. Qa4 f4 27. Qa6 Rc8 28.
Rb8 Rxb8 29. Rxb8+ Kh7 30. Qc8 fxe3 31. Qxd7 e2 32. Qf5# 1-0

[Event "C&D 2015"]
[Site "?"]
[Date "2015.04.04"]
[Round "1.6"]
[White "Harutyunyan, Axel"]
[Black "Cornelis, Werner"]
[Result "1-0"]
[WhiteElo "1833"]
[BlackElo "1461"]
[PlyCount "65"]
[EventDate "2015.??.??"]

1. e4 e5 2. Nf3 Nc6 3. d4 exd4 4. Bc4 d6 5. Nxd4 Nf6 6. Nc3 g6 7. O-O Bg7 8.
Bg5 O-O 9. Nxc6 bxc6 10. Qd2 Bb7 11. Rad1 Qd7 12. Bh6 Rfe8 13. Bxg7 Kxg7 14.
Rfe1 Qe7 15. Re3 Ng4 16. Rf3 Ne5 17. Rh3 h5 18. Bb3 Bc8 19. Rg3 Qh4 20. Re1 Ng4
21. h3 Ne5 22. Qe3 Qe7 23. Qd2 h4 24. Rge3 Qg5 25. Kh1 Be6 26. Ne2 Ng4 27. hxg4
Qxg4 28. Qc3+ f6 29. Qxc6 Bxb3 30. axb3 Re7 31. Qxa8 g5 32. Nd4 Qh5 33. Nf5+
1-0

[Event "C&D 2015"]
[Site "?"]
[Date "2015.04.04"]
[Round "1.8"]
[White "Van Hoecke, Elena"]
[Black "Vandevelde, Luc"]
[Result "1-0"]
[WhiteElo "1826"]
[BlackElo "1450"]
[PlyCount "121"]
[EventDate "2015.??.??"]

1. d4 g6 2. Bf4 Nf6 3. e3 Bg7 4. Nf3 O-O 5. Bd3 d6 6. c3 Nbd7 7. e4 c5 8. d5
Ng4 9. Nbd2 Qb6 10. Nc4 Qc7 11. h3 Nge5 12. Ncxe5 Nxe5 13. Nxe5 Bxe5 14. Bxe5
dxe5 15. g4 Qd6 16. Qf3 Bd7 17. c4 e6 18. Qf6 Rae8 19. h4 Qe7 20. Qxe5 f6 21.
Qf4 exd5 22. cxd5 Qe5 23. Qxe5 fxe5 24. Be2 Rf4 25. f3 Kg7 26. O-O-O a6 27. h5
Bb5 28. Bxb5 axb5 29. hxg6 hxg6 30. Rh3 Ref8 31. d6 Rd8 32. g5 Rf7 33. Rd5 Rfd7
34. Rxe5 Rxd6 35. Rxc5 Rd1+ 36. Kc2 R8d2+ 37. Kb3 Rd3+ 38. Rc3 Rd7 39. f4 R1d4
40. Rhe3 Re7 41. Rc5 Rdxe4 42. Rxe4 Rxe4 43. Rxb5 Re7 44. f5 gxf5 45. Rxf5 Kg6
46. Rb5 Rd7 47. a4 Re7 48. a5 Rd7 49. Ka4 Rd4+ 50. b4 Rd7 51. Rc5 Re7 52. Kb5
Rf7 53. Kb6 Re7 54. Rc7 Re6+ 55. Kxb7 Kxg5 56. b5 Re5 57. Kb6 Re6+ 58. Rc6 Re1
59. a6 Ra1 60. a7 Kf5 61. Kb7 1-0

[Event "C&D 2015"]
[Site "?"]
[Date "2015.04.04"]
[Round "1.9"]
[White "Cant, Gert"]
[Black "Broekmans, Patrik"]
[Result "0-1"]
[WhiteElo "1448"]
[BlackElo "1803"]
[PlyCount "60"]
[EventDate "2015.??.??"]

1. e4 e6 2. d4 d5 3. Nd2 c5 4. c3 Nc6 5. Ngf3 a6 6. Bd3 cxd4 7. cxd4 dxe4 8.
Nxe4 Nxd4 9. Qa4+ Nc6 10. O-O Qxd3 11. Rd1 Qb5 12. Qc2 Nf6 13. Bg5 Be7 14. Bxf6
gxf6 15. Nd6+ Bxd6 16. Rxd6 Bd7 17. Rad1 Rd8 18. Qd2 Nb8 19. Qh6 Ke7 20. Qf4
Rhg8 21. h4 h5 22. Re1 Rg4 23. Qd2 Nc6 24. Rd1 Nb8 25. Nd4 Qe5 26. Nf3 Qf4 27.
Qc2 Qxf3 28. g3 Bc6 29. Kf1 Rxd6 30. Qc5 Qxd1# 0-1

[Event "C&D 2015"]
[Site "?"]
[Date "2015.04.04"]
[Round "1.10"]
[White "Boodts, Jeroen"]
[Black "Vandevelde, Koen"]
[Result "1-0"]
[WhiteElo "1798"]
[BlackElo "1410"]
[PlyCount "108"]
[EventDate "2015.??.??"]

1. e4 c5 2. Nf3 g6 3. d4 cxd4 4. Nxd4 Bg7 5. c4 Nc6 6. Be3 Ne5 7. Nc3 Nf6 8.
Be2 O-O 9. O-O d6 10. f3 Nc6 11. Rc1 Bd7 12. Nxc6 bxc6 13. Qd2 Qc7 14. Rfd1
Rfd8 15. Bh6 Bh8 16. Qe3 Qb6 17. Qxb6 axb6 18. Be3 Rdb8 19. f4 Ng4 20. Bd4 f6
21. h3 c5 22. Bf2 Nxf2 23. Kxf2 Bc6 24. a3 Rb7 25. f5 Bg7 26. Rf1 Re8 27. Rcd1
Bf8 28. Kg1 Kg7 29. Nd5 b5 30. cxb5 Bxb5 31. Bxb5 Rxb5 32. Nc7 Rbb8 33. Nxe8+
Rxe8 34. a4 gxf5 35. exf5 Kf7 36. a5 Ra8 37. Ra1 d5 38. Rf3 d4 39. Rb3 e5 40.
fxe6+ Kxe6 41. a6 Bd6 42. Kf2 Kd5 43. Rb7 c4 44. Rxh7 Bc5 45. Ke2 d3+ 46. Kd2
Bb4+ 47. Ke3 Bc5+ 48. Kf3 Bd4 49. Rd7+ Kc5 50. b4+ cxb3 51. Rc1+ Kb5 52. Rxd4
Rxa6 53. Rxd3 Kb4 54. Rb1 Ra3 1-0

[Event "C&D 2015"]
[Site "?"]
[Date "2015.04.04"]
[Round "2.1"]
[White "Carlier, Sven"]
[Black "Bauwens, Steven"]
[Result "1-0"]
[WhiteElo "1894"]
[BlackElo "1708"]
[PlyCount "69"]
[EventDate "2015.??.??"]

1. g3 d5 2. Bg2 f5 3. f4 Nf6 4. Nf3 c5 5. e3 Nc6 6. d4 e6 7. O-O b6 8. Qe2 Bb7
9. b3 Ne4 10. Bb2 c4 11. bxc4 Ba6 12. Nfd2 Be7 13. Bxe4 fxe4 14. f5 O-O 15.
fxe6 Bf6 16. Nc3 Na5 17. Ba3 Re8 18. Rxf6 Qxf6 19. Nxd5 Qd8 20. Nb4 Bb7 21. d5
Qc7 22. Bb2 Rf8 23. Qg4 g6 24. Qxe4 Qe7 25. Qd4 Rf6 26. Qxf6 Qxf6 27. Bxf6 Rf8
28. e7 Re8 29. d6 Bc8 30. Nd5 Bd7 31. Bc3 Kf7 32. Nf6 Be6 33. Nxe8 Kxe8 34.
Bxa5 bxa5 35. Rb1 1-0

[Event "C&D 2015"]
[Site "?"]
[Date "2015.04.04"]
[Round "2.2"]
[White "De Block, Gert"]
[Black "Boschmans, Jos"]
[Result "0-1"]
[WhiteElo "1704"]
[BlackElo "1881"]
[PlyCount "71"]
[EventDate "2015.??.??"]

1. e4 c6 2. d4 d5 3. e5 c5 4. c3 Nc6 5. Nf3 Bg4 6. Be3 Qb6 7. Nbd2 cxd4 8. cxd4
e6 9. Qb3 Nge7 10. Qxb6 axb6 11. Bb5 Nf5 12. O-O Be7 13. a3 O-O 14. Rac1 Rfc8
15. h3 Bxf3 16. Nxf3 Na5 17. Bd3 Nc4 18. Bxc4 dxc4 19. Rc3 Bf8 20. g4 Ne7 21.
b3 b5 22. Bc1 Nd5 23. Rc2 Bxa3 24. bxc4 bxc4 25. Nd2 b5 26. Ne4 Be7 27. f4 b4
28. f5 b3 29. f6 bxc2 30. fxe7 Nxe7 31. Nd6 Rd8 32. Nxf7 Rxd4 33. Bb2 Rd1 34.
Ng5 Rxf1+ 35. Kxf1 c3 36. Bc1 0-1

[Event "C&D 2015"]
[Site "?"]
[Date "2015.04.04"]
[Round "2.3"]
[White "Vanhauwaert, Kurt"]
[Black "Boeckx, Ben"]
[Result "0-1"]
[WhiteElo "1846"]
[BlackElo "1673"]
[PlyCount "96"]
[EventDate "2015.??.??"]

1. e4 d6 2. d4 Nf6 3. Bd3 e5 4. c3 Nbd7 5. Nf3 g6 6. Bg5 Bg7 7. O-O h6 8. Be3
O-O 9. h3 c6 10. Nbd2 Nh5 11. Nc4 Qe7 12. Qd2 Kh7 13. Nh2 d5 14. exd5 cxd5 15.
Nxe5 Nxe5 16. dxe5 Qxe5 17. Rae1 Qd6 18. f4 Rd8 19. Qf2 d4 20. cxd4 Bxd4 21.
Rd1 Bxe3 22. Qxe3 Bd7 23. Bxg6+ Qxg6 24. Qe7 Bxh3 25. g4 Re8 26. Qh4 Bxf1 27.
Rxf1 Nf6 28. g5 Re2 29. Kh1 Rd8 30. Nf3 Qh5 31. gxf6 Qxh4+ 32. Nxh4 Rdd2 33.
Nf3 Rxb2 34. Rg1 Rf2 35. Rg3 Rxa2 36. Kg1 Rfc2 37. Kh1 b5 38. f5 Rc1+ 39. Ng1
Raa1 40. Rg7+ Kh8 41. Rxf7 Rxg1+ 42. Kh2 Kg8 43. Rb7 a6 44. Kh3 Rg5 45. Kh2
Rxf5 46. Rg7+ Kf8 47. Rg6 Rh5+ 48. Kg3 Rg1+ 0-1

[Event "C&D 2015"]
[Site "?"]
[Date "2015.04.04"]
[Round "2.4"]
[White "Bonnaffe, Xavier"]
[Black "De Graef, Marc"]
[Result "1/2-1/2"]
[WhiteElo "1562"]
[BlackElo "1834"]
[PlyCount "36"]
[EventDate "2015.??.??"]

1. e4 d6 2. d4 g6 3. Nc3 Bg7 4. Be3 Nf6 5. Qd2 Ng4 6. Bg5 h6 7. Bh4 c6 8. h3
Nf6 9. O-O-O Qa5 10. Kb1 b5 11. e5 dxe5 12. dxe5 Nfd7 13. f4 Na6 14. Nf3 Nac5
15. Nd4 Qc7 16. g4 Bb7 17. Bg2 {=} 17... Nb6 18. b3 Kd8 1/2-1/2

[Event "C&D 2015"]
[Site "?"]
[Date "2015.04.04"]
[Round "2.5"]
[White "Meignen, Gaetan"]
[Black "Harutyunyan, Axel"]
[Result "0-1"]
[WhiteElo "1685"]
[BlackElo "1833"]
[PlyCount "101"]
[EventDate "2015.??.??"]

1. e4 c5 2. Nf3 g6 3. d4 cxd4 4. Nxd4 Bg7 5. c4 Nc6 6. Nxc6 bxc6 7. Qc2 d6 8.
g3 Nf6 9. Bg2 O-O 10. Nc3 Be6 11. b3 d5 12. e5 Ng4 13. f4 dxc4 14. h3 Nh6 15.
Bb2 cxb3 16. axb3 Nf5 17. Qf2 Bxb3 18. O-O Qb6 19. Qxb6 axb6 20. Bxc6 Rxa1 21.
Rxa1 Nxg3 22. Ba3 Rc8 23. Bxe7 Bf8 24. Bd7 Rb8 25. Bxf8 Kxf8 26. Kf2 Rb7 27.
Bc6 Rc7 28. Ra8+ Kg7 29. Kxg3 Rxc6 30. Ne4 Be6 31. Ng5 Bd5 32. Rd8 Bb3 33. h4
b5 34. Kg4 h6 35. Ne4 Be6+ 36. Kf3 Rc8 37. Rxc8 Bxc8 38. Nf6 h5 39. Ke3 Kf8 40.
Kd4 Be6 41. Kc5 Bc4 42. Ne4 Ke7 43. Nd6 Ke6 44. Nxc4 bxc4 45. Kxc4 Kf5 46. Kd5
Kxf4 47. e6 fxe6+ 48. Kxe6 Kg4 49. Kf6 Kxh4 50. Kxg6 Kg4 51. Kf6 0-1

[Event "C&D 2015"]
[Site "?"]
[Date "2015.04.04"]
[Round "2.6"]
[White "Droesbeke, Patrick"]
[Black "Baekelandt, Els"]
[Result "1/2-1/2"]
[WhiteElo "1827"]
[BlackElo "1653"]
[PlyCount "75"]
[EventDate "2015.??.??"]

1. e4 e5 2. Nf3 Nc6 3. Bb5 d6 4. d4 exd4 5. Nxd4 Bd7 6. Bxc6 Bxc6 7. Nxc6 bxc6
8. O-O g6 9. Nc3 Bg7 10. Be3 Ne7 11. Qd2 O-O 12. Rad1 Qb8 13. Rb1 Qb4 14. a3
Bxc3 15. Qxc3 Qxc3 16. bxc3 a5 17. Rb7 Rfc8 18. Bg5 Kf8 19. Bxe7+ Kxe7 20. f4
Rab8 21. Rfb1 Ra8 22. Kf2 Kd7 23. g4 Re8 24. Kf3 f6 25. h4 h6 26. g5 hxg5 27.
hxg5 fxg5 28. fxg5 Rf8+ 29. Ke3 d5 30. Rh1 Rf7 31. exd5 cxd5 32. Rh6 Rg7 33.
Rb5 Kd6 34. c4 dxc4 35. Kd4 c6 36. Rb6 Rf8 37. Kxc4 Rf5 38. Rb8 1/2-1/2

[Event "C&D 2015"]
[Site "?"]
[Date "2015.04.04"]
[Round "2.7"]
[White "De Blende, Nando"]
[Black "Van Hoecke, Elena"]
[Result "0-1"]
[WhiteElo "1556"]
[BlackElo "1826"]
[PlyCount "96"]
[EventDate "2015.??.??"]

1. e4 e5 2. Nf3 Nc6 3. Nc3 Nf6 4. d3 Bc5 5. Be3 Bb6 6. Qd2 d5 7. exd5 Nxd5 8.
O-O-O Ba5 9. d4 Nxc3 10. bxc3 Qd5 11. Kb1 Be6 12. c4 Qxf3 13. gxf3 Bxd2 14. d5
Bxe3 15. fxe3 O-O-O 16. Be2 Bd7 17. dxc6 Bxc6 18. Rhg1 g6 19. Kc1 f5 20. Rd2
Rxd2 21. Kxd2 Rd8+ 22. Kc3 Rd6 23. Rd1 Rxd1 24. Bxd1 Kd7 25. h4 Kd6 26. f4 exf4
27. exf4 Kc5 28. a3 Be8 29. Bf3 c6 30. Be2 Bf7 31. Bf1 Kb6 32. Be2 Ka5 33. Kb3
b5 34. Kb2 Bxc4 35. Bxc4 bxc4 36. Kc3 Kb5 37. Kd4 c5+ 38. Kd5 c3 39. a4+ Kb4
40. a5 a6 41. Kc6 Ka3 42. Kxc5 Kb2 43. Kb6 Kxc2 44. Kxa6 Kd2 45. Kb5 c2 46. a6
c1=Q 47. a7 Qa1 48. Kb6 Ke3 0-1

[Event "C&D 2015"]
[Site "?"]
[Date "2015.04.04"]
[Round "2.9"]
[White "Deloof, Koen"]
[Black "Boodts, Jeroen"]
[Result "1/2-1/2"]
[WhiteElo "1669"]
[BlackElo "1798"]
[PlyCount "91"]
[EventDate "2015.??.??"]

1. Nf3 d5 2. g3 Nf6 3. Bg2 c6 4. d4 Bf5 5. b3 Nbd7 6. Bb2 e6 7. Nbd2 Be7 8. O-O
O-O 9. h3 h6 10. c4 b5 11. Ne5 Nxe5 12. dxe5 Nd7 13. e4 dxe4 14. cxb5 cxb5 15.
Nxe4 Bxe4 16. Bxe4 Rc8 17. Qe2 Qb6 18. Rac1 Rfd8 19. Bb1 Nb8 20. Qe4 g6 21. h4
Rxc1 22. Bxc1 Qd4 23. Qxd4 Rxd4 24. Bxh6 Nc6 25. Be3 Rd7 26. f4 Nb4 27. Kg2 Nd5
28. Bg1 Rc7 29. Bd3 b4 30. Rf2 Rc3 31. Be4 Ne3+ 32. Kh3 Bc5 33. Re2 Nf1 34. Rg2
Ne3 35. Re2 Nd1 36. Bxc5 Rxc5 37. Rc2 Rxc2 38. Bxc2 Nc3 39. g4 Nxa2 40. Kg3 Nc3
41. f5 Ne2+ 42. Kf2 Nd4 43. Bd3 Kg7 44. fxe6 Nxe6 45. Ke3 a5 46. Bc4 1/2-1/2

[Event "C&D 2015"]
[Site "?"]
[Date "2015.04.04"]
[Round "3.1"]
[White "Vandamme, Florian"]
[Black "Carlier, Sven"]
[Result "1/2-1/2"]
[WhiteElo "1788"]
[BlackElo "1894"]
[PlyCount "59"]
[EventDate "2015.??.??"]

1. d4 c5 2. Nc3 cxd4 3. Qxd4 Nc6 4. Qh4 d5 5. e4 d4 6. Nd5 Nf6 7. Nxf6+ exf6 8.
Bd2 Qb6 9. O-O-O Be6 10. Kb1 a5 11. a4 Bb4 12. Nf3 O-O 13. Bb5 Rfd8 14. Rhe1
Rac8 15. g4 Bxd2 16. Rxd2 Ne5 17. Nxe5 fxe5 18. Qg3 Qc5 19. g5 Bc4 20. Bxc4
Qxc4 21. Qb3 Qxb3 22. cxb3 Rc5 23. Rc1 Rdc8 24. Rxc5 Rxc5 25. f4 f6 26. h4 Rc7
27. Ka2 Rc1 28. b4 axb4 29. Kb3 exf4 30. Rxd4 1/2-1/2

[Event "C&D 2015"]
[Site "?"]
[Date "2015.04.04"]
[Round "3.2"]
[White "Boschmans, Jos"]
[Black "Verbruggen, Peter"]
[Result "1-0"]
[WhiteElo "1881"]
[BlackElo "1789"]
[PlyCount "41"]
[EventDate "2015.??.??"]

1. d4 d5 2. c4 c6 3. Qc2 g6 4. Bf4 Bg7 5. e3 Nf6 6. Bd3 Nh5 7. Bg3 Nd7 8. cxd5
Nxg3 9. hxg3 cxd5 10. Nc3 Nb6 11. Nb5 O-O 12. Nf3 a6 13. Nc3 f5 14. Ke2 Bf6 15.
Rh2 Kg7 16. Rah1 Rh8 17. Nh4 Bxh4 18. gxh4 e6 19. f4 Bd7 20. Rg1 h5 21. Qb3 {
verder onduidelijk} 1-0

[Event "C&D 2015"]
[Site "?"]
[Date "2015.04.04"]
[Round "3.4"]
[White "Van Hoecke, Elena"]
[Black "Moerman, Thomas"]
[Result "1-0"]
[WhiteElo "1826"]
[BlackElo "1555"]
[PlyCount "82"]
[EventDate "2015.??.??"]

1. d4 d6 2. Bf4 c6 3. c3 Nf6 4. e3 Bf5 5. Bd3 Bxd3 6. Qxd3 Nbd7 7. Nf3 h6 8.
Nbd2 g5 9. Bg3 Bg7 10. h3 O-O 11. h4 g4 12. Nh2 e5 13. O-O-O Qa5 14. Kb1 b5 15.
f3 c5 16. Nxg4 cxd4 17. Nxf6+ Bxf6 18. exd4 b4 19. Nc4 Qd5 20. dxe5 Qxd3+ 21.
Rxd3 Nxe5 22. Nxe5 dxe5 23. cxb4 Rfc8 24. Re3 Rc4 25. Bxe5 Re8 26. Rhe1 Bxh4
27. g3 Bd8 28. Bc3 Rxe3 29. Rxe3 Bb6 30. Re8+ Kh7 31. a3 Bf2 32. Rh8+ Kg6 33.
g4 f6 34. Bd2 Rd4 35. Kc2 Kg7 36. Rc8 Rd5 37. b3 h5 38. gxh5 Rxh5 39. a4 Rf5
40. f4 Kg6 41. b5 41... Kh5 {verder onduidelijk} 1-0

[Event "C&D 2015"]
[Site "?"]
[Date "2015.04.04"]
[Round "3.5"]
[White "Boeckx, Ben"]
[Black "Broekmans, Patrik"]
[Result "0-1"]
[WhiteElo "1673"]
[BlackElo "1803"]
[PlyCount "120"]
[EventDate "2015.??.??"]

1. e4 e6 2. d4 d5 3. Nd2 c5 4. c3 Nc6 5. Ngf3 a6 6. Be2 dxe4 7. Nxe4 cxd4 8.
cxd4 Nf6 9. Nxf6+ gxf6 10. a3 b5 11. b4 Bb7 12. O-O Bg7 13. Bb2 O-O 14. Re1 Qc7
15. Rc1 Qd6 16. Qd3 Rac8 17. Nd2 f5 18. Nb3 Ne7 19. Rc5 Rxc5 20. Nxc5 Ba8 21.
Bd1 Rd8 22. Bb3 Nd5 23. Qg3 Kh8 24. Qxd6 Rxd6 25. Bxd5 Bxd5 26. Rc1 Bc4 27. Nb7
Rc6 28. Na5 Rc7 29. a4 Bh6 30. Rc2 Kg8 31. Nxc4 bxc4 32. Kf1 Kf8 33. Ke2 Ke7
34. g3 Kd6 35. f4 Kd5 36. Ke3 Bg7 37. Bc3 Rb7 38. Rb2 Bf8 39. b5 axb5 40. Rxb5+
Rxb5 41. axb5 Bd6 42. Bd2 Bc7 43. Bb4 Bb6 44. Bc3 f6 45. h4 e5 46. fxe5 fxe5
47. Bb4 Bxd4+ 48. Kf3 h5 49. Ke2 e4 50. Kd2 e3+ 51. Kc2 Bc5 52. Bc3 Bb6 53. Bb4
Ke4 54. Kc3 Kd5 55. Kc2 Bc7 56. Be1 Kc5 57. Kd1 Bb6 58. Ke2 Kxb5 59. Bc3 Ka4
60. Kf3 Kb3 0-1

[Event "C&D 2015"]
[Site "?"]
[Date "2015.04.04"]
[Round "3.7"]
[White "De Graef, Marc"]
[Black "Van Malder, Klaus"]
[Result "1-0"]
[WhiteElo "1834"]
[BlackElo "1268"]
[PlyCount "83"]
[EventDate "2015.??.??"]

1. c4 e5 2. g3 Nf6 3. Bg2 Bc5 4. Nc3 d6 5. d3 Nc6 6. Nf3 h6 7. O-O Be6 8. e3
O-O 9. a3 d5 10. cxd5 Nxd5 11. Nxd5 Qxd5 12. d4 exd4 13. Nxd4 Qd7 14. Nxc6 bxc6
15. Qxd7 Bxd7 16. b4 Bd6 17. Bb2 Rab8 18. Bd4 a6 19. Rfc1 Rb7 20. Bxc6 Bxc6 21.
Rxc6 Ra8 22. Bc5 a5 23. Bxd6 cxd6 24. bxa5 Rxa5 25. Rxd6 Rb3 26. a4 Rb4 27. Rd4
Rxd4 28. exd4 Rd5 29. a5 Rxd4 30. a6 Rd8 31. a7 Ra8 32. Kg2 Kh7 33. Kf3 g5 34.
Ke4 Kg6 35. Ra6+ f6 36. Kd5 Kf5 37. f3 h5 38. Ra4 g4 39. f4 Kg6 40. Kc6 h4 41.
Kb7 Kh5 42. Kxa8 1-0

[Event "C&D 2015"]
[Site "?"]
[Date "2015.04.04"]
[Round "3.8"]
[White "Vanduyfhuys, Daria"]
[Black "Droesbeke, Patrick"]
[Result "1/2-1/2"]
[WhiteElo "1357"]
[BlackElo "1827"]
[PlyCount "54"]
[EventDate "2015.??.??"]

1. e4 c6 2. d4 d5 3. Nc3 dxe4 4. Nxe4 Nf6 5. Nxf6+ gxf6 6. Be3 Bf5 7. Bd3 Bxd3
8. Qxd3 e6 9. O-O-O Bd6 10. Nf3 Nd7 11. Nd2 f5 12. Nc4 Bc7 13. Qc3 Rg8 14. g3
Qe7 15. Rd2 O-O-O 16. Rhd1 Nf6 17. f3 f4 18. gxf4 Nd5 19. Qd3 Nxf4 20. Bxf4
Bxf4 21. Ne3 Rg6 22. Qe4 Qc7 23. h4 Rdg8 24. c3 Rg1 25. Kc2 Rxd1 26. Rxd1 Bxe3
27. Qxe3 Qh2+ 1/2-1/2

[Event "C&D 2015"]
[Site "?"]
[Date "2015.04.04"]
[Round "4.1"]
[White "Van Hoecke, Elena"]
[Black "Boschmans, Jos"]
[Result "0-1"]
[WhiteElo "1826"]
[BlackElo "1881"]
[PlyCount "54"]
[EventDate "2015.??.??"]

1. d4 d5 2. Bf4 Nf6 3. e3 Bf5 4. Bd3 Bxd3 5. Qxd3 e6 6. Qb5+ c6 7. Qxb7 Nbd7 8.
Qxc6 Rc8 9. Qa4 Qb6 10. Nd2 Qxb2 11. Rd1 Rxc2 12. Qxa7 Bb4 13. Ngf3 O-O 14. Qa4
Nb6 15. Qb3 Nc4 16. e4 Nxe4 17. Qd3 Ra8 18. O-O Ncxd2 19. Bxd2 Nxd2 20. Nxd2
Rxd2 21. Rb1 Rxd3 22. Rxb2 Rxd4 23. Rfb1 Bf8 24. Kf1 Rda4 25. Rb8 Rxb8 26. Rxb8
Rxa2 27. g3 g6 0-1

[Event "C&D 2015"]
[Site "?"]
[Date "2015.04.04"]
[Round "4.2"]
[White "Broekmans, Patrik"]
[Black "Harutyunyan, Axel"]
[Result "1/2-1/2"]
[WhiteElo "1803"]
[BlackElo "1833"]
[PlyCount "51"]
[EventDate "2015.??.??"]

1. c4 Nc6 2. e4 e5 3. Nf3 Bc5 4. Nc3 d6 5. h3 Nge7 6. d3 O-O 7. Bg5 f5 8. Nd5
Be6 9. Be2 Qd7 10. Be3 Bb6 11. a3 f4 12. Bxb6 axb6 13. Ng5 h6 14. Nxe6 Qxe6 15.
Nxc7 Qg6 16. Nxa8 Rxa8 17. Bf3 Nd4 18. O-O Nec6 19. Kh1 Rf8 20. Bh5 Qf6 21. Qg4
Kh7 22. Qd7 Qh4 23. Qg4 Qf6 24. Qd7 Qh4 25. Qg4 Qf6 26. Qd7 1/2-1/2

[Event "C&D 2015"]
[Site "?"]
[Date "2015.04.04"]
[Round "4.3"]
[White "Carlier, Sven"]
[Black "De Graef, Marc"]
[Result "0-1"]
[WhiteElo "1894"]
[BlackElo "1834"]
[PlyCount "137"]
[EventDate "2015.??.??"]

1. e4 d6 2. d4 g6 3. Nc3 Bg7 4. Nge2 Nf6 5. h3 O-O 6. g4 e5 7. Bg2 exd4 8. Nxd4
Re8 9. Be3 Nc6 10. Nxc6 bxc6 11. Qd2 Rb8 12. O-O-O Nxe4 13. Bxe4 Rxe4 14. Bxa7
Rb7 15. Be3 Reb4 16. b3 Qf6 17. a3 Re4 18. Kb2 Rc4 19. Kc1 Qxc3 20. Qxc3 Rxc3
21. Kd2 Be6 22. Rhe1 Rb8 23. a4 Bd5 24. Bh6 Rf3 25. Bxg7 Kxg7 26. Re7 Rb7 27.
Ra1 Rxf2+ 28. Kc3 Rf3+ 29. Kb2 c5 30. a5 Rxh3 31. a6 Ra7 32. c4 Be6 33. Re8
Bxg4 34. Rb8 Bf3 35. b4 cxb4 36. Rxb4 h5 37. Ra3 Rh2+ 38. Kc1 Be4 39. Kd1 h4
40. Ke1 Rc2 41. c5 Bc6 42. cxd6 cxd6 43. Kd1 Rc5 44. Rxh4 Rb5 45. Kd2 Rb6 46.
Rd3 Bb5 47. Rd5 Bxa6 48. Rhd4 Re7 49. Rxd6 Rxd6 50. Rxd6 Bb5 51. Kc3 Rc7+ 52.
Kb4 Be2 53. Rd2 Bh5 54. Rf2 f5 55. Kb5 Kf6 56. Kb6 Re7 57. Rf1 Re4 58. Kc6 Ke5
59. Kc5 g5 60. Rg1 g4 61. Rh1 Bf7 62. Rh7 Be6 63. Rh6 g3 64. Rg6 f4 65. Rg5+
Kf6 66. Rh5 Kg6 67. Rh1 f3 68. Rg1 g2 69. Kc6 {vlag} 0-1

[Event "C&D 2015"]
[Site "?"]
[Date "2015.04.04"]
[Round "4.4"]
[White "Van Muylem, Tom"]
[Black "Boodts, Jeroen"]
[Result "1-0"]
[WhiteElo "1796"]
[BlackElo "1798"]
[PlyCount "105"]
[EventDate "2015.??.??"]

1. Nf3 Nf6 2. d4 d6 3. Nbd2 g6 4. e4 Bg7 5. Bc4 O-O 6. O-O e6 7. Re1 d5 8. Bd3
Nc6 9. e5 Nd7 10. c3 Ne7 11. Nf1 c5 12. Bg5 Re8 13. Qd2 Qb6 14. Bh6 c4 15. Bxg7
Kxg7 16. Be2 Qc7 17. Ne3 b5 18. Ng4 Nf5 19. Bd1 h5 20. Ne3 Nxe3 21. Rxe3 a5 22.
Ng5 Rf8 23. Rf3 Nxe5 24. dxe5 Qxe5 25. Bc2 f6 26. Nh3 Qd6 27. Nf4 f5 28. Rg3
Kf7 29. Nxg6 Rg8 30. Qh6 Qxg3 31. hxg3 Rxg6 32. Qxh5 Bd7 33. a3 Rag8 34. Re1
Kf6 35. Qh4+ Kf7 36. Qf4 R8g7 37. Qc7 Kf6 38. Qxa5 Rh6 39. Qb6 Rgh7 40. Qd4+
Kf7 41. f3 Rh1+ 42. Kf2 Rxe1 43. Kxe1 Rh1+ 44. Ke2 Rh2 45. Kf2 Rh6 46. g4 fxg4
47. Qxg4 Rf6 48. Qh5+ Ke7 49. g4 d4 50. Qc5+ Kf7 51. Qxd4 Bc6 52. Be4 Be8 53.
g5 1-0

[Event "C&D 2015"]
[Site "?"]
[Date "2015.04.04"]
[Round "4.5"]
[White "Deloof, Koen"]
[Black "Vandamme, Florian"]
[Result "0-1"]
[WhiteElo "1669"]
[BlackElo "1788"]
[PlyCount "38"]
[EventDate "2015.??.??"]

1. Nf3 Nf6 2. g3 g6 3. Bg2 Bg7 4. O-O O-O 5. d4 d6 6. b3 c6 7. Bb2 Nbd7 8. Nbd2
Qc7 9. c4 e5 10. e4 Re8 11. d5 Nc5 12. Qe2 a5 13. a3 Bd7 14. h3 Reb8 15. Ne1
Qb6 16. Qe3 cxd5 17. cxd5 Bb5 18. Nc4 Bxc4 19. bxc4 Qxb2 0-1

[Event "C&D 2015"]
[Site "?"]
[Date "2015.04.04"]
[Round "4.6"]
[White "Droesbeke, Patrick"]
[Black "Wagner, Hans"]
[Result "1/2-1/2"]
[WhiteElo "1827"]
[BlackElo "1735"]
[PlyCount "66"]
[EventDate "2015.??.??"]

1. e4 c5 2. Nc3 d6 3. g3 Nc6 4. Bg2 Nf6 5. h3 g6 6. d3 Bg7 7. Nge2 O-O 8. O-O
Bd7 9. f4 Qc8 10. Kh2 Rb8 11. a4 a6 12. a5 Qc7 13. Bd2 Nxa5 14. f5 Nc6 15. fxg6
fxg6 16. Nf4 e6 17. h4 Ne5 18. Bh3 Rbe8 19. Be3 Qc6 20. g4 Nexg4+ 21. Bxg4
Nxg4+ 22. Qxg4 e5 23. Qg3 exf4 24. Bxf4 Rxf4 25. Rxf4 Be5 26. Qe3 Qb6 27. Raf1
Qxb2 28. Nd5 Rf8 29. Kh1 Bxf4 30. Rxf4 Qb1+ 31. Kh2 Qxc2+ 32. Kh1 Qd1+ 33. Kh2
Qc2+ 1/2-1/2